Risultati Serie A 2023-2024 - 24ª giornata - Statistics

Statistiche generali
  • Questo quiz è stato fatto 25 volte
  • Il punteggio medio è 4 su 10
Statistiche sulle risposte
Hint Risposta % Corretto
Roma-Inter 2-4
65%
Cagliari-Lazio 1-3
55%
Juventus-Udinese 0-1
50%
Fiorentina-Frosinone 5-1
50%
Milan-Napoli 1-0
45%
Sassuolo-Torino 1-1
40%
Salernitana-Empoli 1-3
40%
Bologna-Lecce 4-0
35%
Genoa-Atalanta 1-4
25%
Monza-Verona 0-0
15%
Nessun quiz corrispondente trovato
Distribuzione punteggi
Percentuale di utenti per punteggio
Percentile per numero di risposta
I tuoi punteggi nel tempo
Non hai fatto questo quiz